[Event "Istanbul Open 2017"]
[Site "Istanbul"]
[Date "2017.09.15"]
[Round "6"]
[White "Ozturk, Polat"]
[Black "Tarakci, Efdal"]
[Result "1/2-1/2"]
[WhiteElo "1763"]
[BlackElo "1714"]
[Annotator "NA RC"]
[PlyCount "127"]
[EventDate "2017.??.??"]
[EventType "swiss"]
[EventCountry "TUR"]
[SourceTitle "playchess.com"]
[Source "ChessBase"]
[SourceQuality "1"]
[TimeControl "5400+30"]

1. d4 Nf6 2. Bg5 d5 3. Nd2 Bf5 4. Ngf3 h6 5. Bf4 g5 6. Bg3 Nh5 7. e3 Nxg3 8. fxg3 Bg7 9. Bd3 Bxd3 10. cxd3 Nc6 11. O-O O-O 12. Nb3 e5 13. dxe5 Nxe5 14. Nxe5 Bxe5 15. d4 Bg7 16. Qg4 Qc8 17. Qxc8 Raxc8 18. Rf5 c6 19. Raf1 Rce8 20. Kf2 Re6 21. Nc5 Re7 22. Re1 Rfe8 23. Nb3 Kh7 24. g4 Kg6 25. Rf3 Re4 26. Nd2 R4e6 27. Rd1 Bf8 28. Nb3 Bd6 29. Ke2 Bf4 30. Rd3 R6e7 31. g3 Bd6 32. Rc3 h5 33. gxh5+ Kxh5 34. h3 g4 35. Rf5+ Kg6 36. hxg4 Bxg3 37. Rf3 Bd6 38. Rc1 Rh8 39. Rcf1 Rh2+ 40. Kd3 Bc7 41. R1f2 Rxf2 42. Rxf2 Kg5 43. Nd2 Kxg4 44. e4 Bf4 45. e5 Bxd2 46. Kxd2 f5 47. Ke3 c5 48. Rg2+ Kh3 49. Rg5 cxd4+ 50. Kxd4 f4 51. Kxd5 f3 52. e6 f2 53. Rf5 Kg2 54. Kd6 {[%emt 1:41:04]} Re8 {[%emt 1:56:32]} 55. Kd7 {[%emt 0:00:30]} Rg8 {[%emt 0:00:00]} 56. e7 {[%emt 0:00:08]} f1=Q {[%emt 0:00:00]} 57. Rxf1 {[%emt 0:00:37]} Kxf1 {[%emt 0:00:14]} 58. e8=Q {[%emt 0:00:33]} Rxe8 {[%emt 0:00:30]} 59. Kxe8 {[%emt 0:00:31]} Ke2 {[%emt 0:00:30]} 60. Kd7 {[%emt 0:00:30]} Kd3 {[%emt 0:00:30]} 61. Kc7 {[%emt 0:01:21]} b5 {[%emt 0:01:32]} 62. Kc6 {[%emt 0:00:43]} Kc4 {[%emt 0:00:38]} 63. b3+ {[%emt 0:00:28]} Kb4 {[%emt 0:00:17]} 64. a3+ {[%emt 0:00:17]} 1/2-1/2

[Event "Istanbul Open 2017"]
[Site "Istanbul"]
[Date "2017.09.15"]
[Round "6"]
[White "Portakalci, Yusuf"]
[Black "Ozbag, Berat"]
[Result "0-1"]
[WhiteElo "1671"]
[BlackElo "1638"]
[Annotator "NA RC"]
[PlyCount "62"]
[EventDate "2017.??.??"]
[EventType "swiss"]
[EventCountry "TUR"]
[SourceTitle "playchess.com"]
[Source "ChessBase"]
[SourceQuality "1"]
[TimeControl "5400+30"]

1. f4 {[%emt 0:02:30]} d5 {[%emt 0:01:00]} 2. Nf3 {[%emt 0:00:30]} g6 {[%emt 0:00:30]} 3. g3 {[%emt 0:02:30]} Bg7 {[%emt 0:00:00]} 4. Bg2 {[%emt 0:00:30]} Bg4 {[%emt 0:02:00]} 5. d3 {[%emt 0:05:30]} Bxf3 {[%emt 0:00:30]} 6. Bxf3 {[%emt 0:00:30]} c6 {[%emt 0:00:00]} 7. c3 {[%emt 0:01:30]} Nf6 {[%emt 0:01:00]} 8. O-O {[%emt 0:03:30]} Nbd7 {[%emt 0:00:30]} 9. Qc2 {[%emt 0:12:30]} e5 {[%emt 0:00:30]} 10. fxe5 {[%emt 0:04:30]} Nxe5 {[%emt 0:01:30]} 11. Bg2 {[%emt 0:00:30]} O-O {[%emt 0:00:30]} 12. Bf4 {[%emt 0:03:30]} Re8 {[%emt 0:04:30]} 13. Nd2 {[%emt 0:03:30]} Qb6+ {[%emt 0:04:30]} 14. d4 {[%emt 0:00:30]} Neg4 {[%emt 0:00:30]} 15. e4 {[%emt 0:00:30]} dxe4 {[%emt 0:00:30]} 16. h3 {[%emt 0:00:30]} e3 {[%emt 0:00:30]} 17. Nc4 {[%emt 0:00:30]} Qa6 {[%emt 0:00:30]} 18. Nd6 {[%emt 0:00:30]} e2 {[%emt 0:00:30]} 19. Nxe8 {[%emt 0:00:30]} Rxe8 {[%emt 0:00:30]} 20. Rfe1 {[%emt 0:00:30]} Nh6 {[%emt 0:00:30]} 21. g4 {[%emt 0:00:30]} Nd5 {[%emt 0:00:30]} 22. Bxd5 {[%emt 0:00:30]} cxd5 {[%emt 0:00:30]} 23. Qd2 {[%emt 0:00:30]} g5 {[%emt 0:00:30]} 24. Be3 {[%emt 0:00:30]} f5 {[%emt 0:00:30]} 25. gxf5 {[%emt 0:12:30]} Nxf5 {[%emt 0:33:30]} 26. Rxe2 {[%emt 0:01:30]} Nh4 {[%emt 0:09:30]} 27. Rf1 {[%emt 0:03:30]} Qe6 {[%emt 0:02:30]} 28. Rff2 {[%emt 0:02:30]} Qxh3 {[%emt 0:03:30]} 29. Bxg5 {[%emt 0:04:30]} Qg4+ {[%emt 0:01:30]} 30. Kh1 {[%emt 0:02:30]} Qh3+ {[%emt 0:02:30]} 31. Rh2 {[%emt 0:02:30]} Qf1# {[%emt 0:00:30]} 0-1

[Event "Istanbul Open 2017"]
[Site "Istanbul"]
[Date "2017.09.15"]
[Round "6"]
[White "Aydin, Ali Umut"]
[Black "Bagci, Hikmet"]
[Result "1/2-1/2"]
[WhiteElo "1627"]
[BlackElo "1706"]
[Annotator "NA RC"]
[PlyCount "58"]
[EventDate "2017.??.??"]
[EventType "swiss"]
[EventCountry "TUR"]
[SourceTitle "playchess.com"]
[Source "ChessBase"]
[SourceQuality "1"]
[TimeControl "5400+30"]

1. e4 {[%emt 0:00:30]} c5 {[%emt 0:01:00]} 2. Nf3 {[%emt 0:00:00]} d6 {[%emt 0:00:30]} 3. d4 {[%emt 0:00:00]} cxd4 {[%emt 0:00:00]} 4. Nxd4 {[%emt 0:00:00]} Nf6 {[%emt 0:00:00]} 5. Nc3 {[%emt 0:00:00]} a6 {[%emt 0:01:30]} 6. Bg5 {[%emt 0:00:30]} e6 {[%emt 0:02:30]} 7. f4 {[%emt 0:00:00]} Be7 {[%emt 0:00:30]} 8. Qf3 {[%emt 0:02:00]} Qc7 {[%emt 0:00:30]} 9. O-O-O {[%emt 0:04:30]} O-O {[%emt 0:08:30]} 10. g4 {[%emt 0:04:30]} Nc6 {[%emt 0:03:30]} 11. Nxc6 {[%emt 0:01:30]} bxc6 {[%emt 0:00:30]} 12. h4 {[%emt 0:05:30]} Rb8 {[%emt 0:14:30]} 13. Bxf6 {[%emt 0:08:30]} Bxf6 {[%emt 0:00:30]} 14. g5 {[%emt 0:01:30]} Be7 {[%emt 0:01:30]} 15. h5 {[%emt 0:20:30]} f6 {[%emt 0:01:30]} 16. g6 {[%emt 0:12:30]} h6 {[%emt 0:01:30]} 17. f5 {[%emt 0:01:30]} Qb6 {[%emt 0:04:30]} 18. b3 {[%emt 0:04:30]} Rd8 {[%emt 0:04:30]} 19. fxe6 {[%emt 0:02:30]} Qa5 {[%emt 0:02:30]} 20. Rd4 {[%emt 0:03:30]} Qe5 {[%emt 0:01:30]} 21. Rd3 {[%emt 0:04:30]} a5 {[%emt 0:01:30]} 22. Qg3 {[%emt 0:00:30]} Qc5 {[%emt 0:01:30]} 23. Qe3 {[%emt 0:04:22]} Qa3+ {[%emt 0:00:30]} 24. Kb1 {[%emt 0:00:27]} a4 {[%emt 0:01:30]} 25. Qa7 {[%emt 0:00:09]} Rb7 {[%emt 0:01:30]} 26. Qxa4 {[%emt 0:00:14]} Qc5 {[%emt 0:02:30]} 27. Qd4 {[%emt 0:00:42]} Qa5 {[%emt 0:00:30]} 28. Qa4 {[%emt 0:00:44]} Qc5 {[%emt 0:00:30]} 29. Qd4 {[%emt 0:01:16]} Qa5 {[%emt 0:00:00]} 1/2-1/2

[Event "Istanbul Open 2017"]
[Site "Istanbul"]
[Date "2017.09.15"]
[Round "6"]
[White "Kabadayi, Suleyman Arda"]
[Black "Unalan, Kaan"]
[Result "1-0"]
[WhiteElo "1579"]
[BlackElo "1565"]
[Annotator "NA RC"]
[PlyCount "109"]
[EventDate "2017.??.??"]
[EventType "swiss"]
[EventCountry "TUR"]
[SourceTitle "playchess.com"]
[Source "ChessBase"]
[SourceQuality "1"]
[TimeControl "5400+30"]

1. e4 e5 2. Nf3 Nc6 3. Bb5 Bc5 4. O-O Nd4 5. Nxd4 Bxd4 6. c3 Bb6 7. d4 c6 8. Bc4 d6 9. dxe5 dxe5 10. Qxd8+ Bxd8 11. Be3 Nf6 12. f3 Bb6 13. Bf2 Ke7 14. Nd2 Be6 15. Bxe6 Bxf2+ 16. Kxf2 Kxe6 17. Rad1 Rad8 18. Nc4 b6 19. Ke3 h5 20. Rxd8 Rxd8 21. Rf2 h4 22. Rd2 Rxd2 23. Kxd2 Nh5 24. Ke3 Nf4 25. g3 hxg3 26. hxg3 Ng6 27. f4 exf4+ 28. gxf4 Ne7 29. f5+ Kd7 30. Ne5+ Ke8 31. Kf4 f6 32. Nf3 Kd7 33. e5 Nd5+ 34. Ke4 fxe5 35. Nxe5+ Kd6 36. Ng4 Nf6+ 37. Nxf6 gxf6 38. b4 a6 39. a4 a5 40. Kd4 {[%emt 1:46:24]} c5+ {[%emt 1:48:37]} 41. bxc5+ {[%emt 0:00:30]} bxc5+ {[%emt 0:00:30]} 42. Ke4 {[%emt 0:00:30]} Kc6 {[%emt 0:00:30]} 43. c4 {[%emt 0:00:30]} Kd6 {[%emt 0:00:30]} 44. Kf4 {[%emt 0:00:30]} Kd7 {[%emt 0:00:25]} 45. Kg4 {[%emt 0:00:43]} Kd6 {[%emt 0:00:58]} 46. Kh5 {[%emt 0:01:12]} Ke5 {[%emt 0:00:18]} 47. Kg6 {[%emt 0:00:13]} Kd4 {[%emt 0:00:06]} 48. Kxf6 {[%emt 0:00:27]} Kxc4 {[%emt 0:00:06]} 49. Ke5 {[%emt 0:00:24]} Kd3 {[%emt 0:01:02]} 50. f6 {[%emt 0:00:19]} c4 {[%emt 0:00:04]} 51. f7 {[%emt 0:00:14]} c3 {[%emt 0:00:07]} 52. f8=Q {[%emt 0:00:15]} c2 {[%emt 0:01:49]} 53. Qc5 {[%emt 0:00:35]} Kd2 {[%emt 0:00:14]} 54. Qxa5+ {[%emt 0:00:08]} Kd1 {[%emt 0:00:09]} 55. Qc5 {[%emt 0:00:15]} 1-0

[Event "Istanbul Open 2017"]
[Site "Istanbul"]
[Date "2017.09.15"]
[Round "6"]
[White "Inciler, Yusuf Efe"]
[Black "Kilic, Eray"]
[Result "0-1"]
[WhiteElo "1494"]
[BlackElo "1727"]
[Annotator "NA RC"]
[PlyCount "52"]
[EventDate "2017.??.??"]
[EventType "swiss"]
[EventCountry "TUR"]
[SourceTitle "playchess.com"]
[Source "ChessBase"]
[SourceQuality "1"]
[TimeControl "5400+30"]

1. e4 {[%emt 0:00:30]} c5 {[%emt 0:01:00]} 2. Nf3 {[%emt 0:00:00]} Nc6 {[%emt 0:00:00]} 3. d4 {[%emt 0:00:00]} cxd4 {[%emt 0:00:00]} 4. Nxd4 {[%emt 0:00:00]} g6 {[%emt 0:00:00]} 5. Nc3 {[%emt 0:00:00]} Bg7 {[%emt 0:00:00]} 6. Be3 {[%emt 0:00:00]} Nf6 {[%emt 0:00:00]} 7. Bc4 {[%emt 0:00:00]} O-O {[%emt 0:00:00]} 8. Bb3 {[%emt 0:00:30]} d6 {[%emt 0:00:30]} 9. f3 {[%emt 0:00:30]} Bd7 {[%emt 0:00:30]} 10. Qd2 {[%emt 0:01:30]} Rc8 {[%emt 0:01:30]} 11. O-O-O {[%emt 0:00:30]} a5 {[%emt 0:00:30]} 12. h4 {[%emt 0:00:30]} h5 {[%emt 0:00:30]} 13. Rdg1 {[%emt 0:10:30]} Ne5 {[%emt 0:19:30]} 14. Ndb5 {[%emt 0:17:30]} a4 {[%emt 0:33:30]} 15. Na7 {[%emt 0:06:30]} axb3 {[%emt 0:04:30]} 16. Nxc8 {[%emt 0:00:00]} bxa2 {[%emt 0:00:30]} 17. Nxe7+ {[%emt 0:00:00]} Qxe7 {[%emt 0:00:00]} 18. Nxa2 {[%emt 0:00:30]} Ra8 {[%emt 0:00:00]} 19. Kb1 {[%emt 0:01:30]} Nc4 {[%emt 0:00:30]} 20. Qc3 {[%emt 0:01:30]} Qe6 {[%emt 0:02:30]} 21. Bd4 {[%emt 0:03:30]} Nd2+ {[%emt 0:07:30]} 22. Kc1 {[%emt 0:00:00]} Bh6 {[%emt 0:00:30]} 23. Be3 {[%emt 0:01:00]} Ndxe4 {[%emt 0:00:30]} 24. fxe4 {[%emt 0:00:30]} Nxe4 {[%emt 0:00:30]} 25. Qd4 {[%emt 0:02:30]} Rxa2 {[%emt 0:01:30]} 26. b3 {[%emt 0:01:30]} Bg7 {[%emt 0:00:00]} 0-1

[Event "Istanbul Open 2017"]
[Site "Istanbul"]
[Date "2017.09.11"]
[Round "7"]
[White "Bogdanovich, Stanislav"]
[Black "Rasulov, Vugar"]
[Result "1-0"]
[WhiteElo "2593"]
[BlackElo "2504"]
[Annotator "TA"]
[PlyCount "131"]
[EventDate "2017.??.??"]
[EventType "swiss"]
[EventCountry "TUR"]
[SourceTitle "playchess.com"]
[Source "ChessBase"]
[SourceQuality "1"]

{[%evp 14,131,22,32,31,12,40,41,48,43,40,39,62,23,14,15,12,15,64,71,84,79,71,56,48,60,54,53,51,52,100,104,91,85,104,106,86,103,85,81,91,44,147,157,130,157,139,126,183,197,190,166,166,166,166,166,165,157,241,243,237,219,237,158,164,101,254,254,252,231,219,140,133,133,510,483,411,505,484,483,465,461,576,399,265,253,767,736,503,559,409,145,163,150,139,0,64,0,12839,12839,12844,12844,12850,29979,29979,29980,29980,29981,29981,12851,12851,12851,29983,29984,29984,29985,12851,29984,29986,29987]} 1. e4 e5 2. Nf3 Nc6 3. Bb5 Nf6 4. d3 d6 5. c3 g6 6. O-O Bg7 7. Nbd2 O-O 8. Re1 {LiveBook: 131 Games} h6 {C66: Ruy Lopez: Steinitz Defence} (8... a6 9. Ba4 b5 10. Bc2 Re8 11. a4 b4 12. a5 Rb8 13. Ba4 Bd7 14. c4 Ne7 15. c5 Bxa4 16. Qxa4 Rb5 17. cxd6 cxd6 18. Nc4 d5 19. Ncxe5 Nd7 20. Nxd7 Qxd7 21. exd5 {½-½ (21) Salem,A (2608)-Sasikiran,K (2639) Biel 2016}) 9. Nf1 Nh5 10. h3 $146 ({Predecessor:} 10. d4 Bg4 11. Bxc6 bxc6 12. dxe5 dxe5 13. Qxd8 Rfxd8 14. Be3 a5 15. Ng3 Nf4 16. Red1 {0-1 (37) Sat,E (1826)-Rasulov,V (2509) Canakkale 2017}) 10... Nf4 {White is slightly better.} 11. Bxf4 exf4 12. d4 g5 13. e5 dxe5 14. Bxc6 bxc6 15. Nxe5 Qd6 16. Nd2 Qd5 17. Qf3 Bb7 18. Nb3 f6 19. Qxd5+ cxd5 20. Nd7 Rf7 $1 {[%cal Rf7d7]} 21. Ndc5 Rb8 22. Re6 Bc8 23. Re8+ Rf8 24. Re7 Rf7 25. Rae1 $36 {[%mdl 2048] White is really pushing.} Bf5 26. Na6 Rb7 27. Nb4 Rxe7 ({Black should play} 27... Bf8 $1 $14 28. Re8 (28. Nxd5 Kg7 $14) 28... Kg7) 28. Rxe7 $16 Bf8 29. Nxd5 Bxe7 30. Nxe7+ Kf7 (30... Kh7 $16) 31. Nxf5 $18 {[%mdl 4096] Endgame} a5 32. Nxa5 Rxb2 33. Nxh6+ Kg6 34. Ng4 Rxa2 {White must now prevent ...Ra1+.} 35. Nc6 Kf7 (35... Kf5 $16 36. d5 Kg6) 36. Nb4 Ra5 37. Kh2 $1 Ke6 38. d5+ Kf7 39. c4 ({Better is} 39. h4 $18) 39... Ra3 $2 (39... Kg7 $16) 40. c5 {[%cal Bc4c5,Bc5c6][%mdl 32]} Ra5 41. c6 Ke7 42. d6+ Kxd6 43. Nxf6 Ke7 $2 {[%mdl 8192]} (43... Ke5 $16) 44. Nfd5+ Kd6 45. h4 gxh4 46. Nxf4 Rf5 47. Nfd3 Rg5 48. Kh3 Rg7 49. Nf4 ({But not} 49. Kxh4 $6 Rxg2 50. f3 Rg6 $16) 49... Ke5 $2 (49... Rf7) 50. Nfd5 Kd6 51. f4 {[%cal Bf2f4,Bf4f5][%mdl 32]} Rg3+ {[#]} 52. Kxh4 $2 (52. Kh2 $1 $18 {and the rest is easy.}) 52... Rxg2 $16 53. f5 Rg1 {[#]} 54. Kh5 ({White must play} 54. Ne3 $1 $16) 54... Ke5 (54... Rg3 $1 $11) 55. Ne7 (55. Ne3 $1 $14) 55... Rg7 $2 {[%mdl 8192]} (55... Rg3 $11 56. Nbd5 Kd6) 56. Nbd5 $18 Rf7 57. Kg6 Rxf5 58. Nxf5 Kxd5 {KN-KP} 59. Ne7+ Ke6 60. Nc8 Kd5 61. Ne7+ (61. Na7 $142 Ke6 62. Kg7 Ke7 63. Nc8+ Kd8 64. Kf7 Kxc8 65. Ke8 Kb8 66. Kd7) 61... Ke6 62. Nc8 Kd5 63. Na7 Ke6 64. Kg7 Ke7 65. Nc8+ Kd8 66. Kf8 {Precision: White = 60%, Black = 49%.} 1-0

[Event "Istanbul Open 2017"]
[Site "Istanbul"]
[Date "2017.09.16"]
[Round "7"]
[White "Abasov, Nijat"]
[Black "Benidze, Davit"]
[Result "1-0"]
[WhiteElo "2575"]
[BlackElo "2520"]
[Annotator "TA"]
[PlyCount "63"]
[EventDate "2017.??.??"]
[EventType "swiss"]
[EventCountry "TUR"]
[SourceTitle "playchess.com"]
[Source "ChessBase"]
[SourceQuality "1"]

{[%evp 22,63,31,35,47,47,50,45,49,46,67,54,53,47,68,55,162,162,151,161,170,178,165,176,174,169,167,172,176,167,163,163,153,196,215,191,209,206,252,226,575,600,579,573]} 1. e4 g6 2. d4 Bg7 3. Nc3 d6 4. Be3 a6 5. a4 Nf6 6. h3 Nc6 7. Nf3 O-O 8. Be2 e5 {B08: Pirc Defence: Classical System} 9. dxe5 Nxe5 10. Nxe5 dxe5 11. Qxd8 (11. Bc5 Re8 12. Qxd8 Rxd8 13. Bc4 Bf8 14. Bxf8 Kxf8 15. f3 a5 16. Rd1 Rxd1+ 17. Nxd1 {0-1 (38) Aleksandrov,A (2577)-Nepomniachtchi,I (2719) Almaty 2016}) 11... Rxd8 12. Bc4 {LiveBook: 6 Games} Re8 13. O-O-O Be6 14. Bxe6 Rxe6 15. g4 $146 ({Find the theoretical novelty and annotate with similar games:} 15. Nd5 Ne8 16. Rd3 Bf8 17. a5 Rc8 18. f3 Nd6 19. Rc3 Nb5 20. Rb3 Rc6 21. Rd1 Kg7 22. Rdd3 {½-½ (23) Lauk,U (2403)-Wallin,A (2069) Jyvaskyla 2011}) 15... h6 16. Nd5 Nxd5 17. Rxd5 Bf8 18. Rhd1 c6 ({Better is} 18... Be7 $14) 19. Rd7 $18 b5 20. a5 Be7 21. R1d3 (21. Bxh6 $6 g5 $16) 21... c5 {[#]} 22. Rb7 $1 ({Don't do} 22. Bxh6 $6 c4 $14) 22... Bg5 23. Bxg5 hxg5 {[%mdl 4096] Endgame [#] KRR-KRR} 24. Rf3 $1 Rf8 25. c4 bxc4 26. Rc7 Rd6 27. Rxc5 Rb8 28. Rc7 ({Don't take} 28. Rxc4 $6 Rbd8 $16) ({Much less strong is} 28. Rxe5 $6 Rb3 $16) 28... Rf8 29. Rxc4 Rfd8 30. Rc7 R8d7 $2 (30... Rf8 {is tougher.} 31. Rb3 Rfd8) 31. Rxd7 Rxd7 32. Rf6 {Precision: White = 98%, Black = 46%.} 1-0

[Event "Istanbul Open 2017"]
[Site "Istanbul"]
[Date "2017.09.11"]
[Round "7"]
[White "Shanava, Konstantine"]
[Black "Petrov, Marian"]
[Result "1-0"]
[WhiteElo "2504"]
[BlackElo "2470"]
[Annotator "TA"]
[PlyCount "51"]
[EventDate "2017.??.??"]
[EventType "swiss"]
[EventCountry "TUR"]
[SourceTitle "playchess.com"]
[Source "ChessBase"]
[SourceQuality "1"]

{[%evp 24,51,19,0,10,0,0,0,9,0,0,0,12,19,40,45,156,183,252,222,432,442,700,479,680,659,1369,1357,29997,29998]} 1. e4 c5 2. Nf3 Nc6 3. d4 cxd4 4. Nxd4 Qb6 5. Nb3 Nf6 6. Nc3 e6 7. Bd3 a6 8. Be3 Qc7 9. f4 d6 10. O-O Be7 11. Qf3 O-O 12. Kh1 {B33: Sicilian: Pelikan and Sveshnikov Variations} (12. a4 b6 13. g4 Re8 14. g5 Nd7 15. Qg3 Bf8 16. h4 Nb4 17. h5 Nc5 18. Nxc5 bxc5 19. g6 d5 20. gxf7+ Qxf7 {0-1 (59) Van Foreest,J (2600)-Iturrizaga Bonelli,E (2662) Vlissingen 2017}) 12... b5 13. Rae1 {LiveBook: 10 Games} (13. a4 {feels hotter.} b4 14. Nb1 e5 15. f5 Bb7 16. N1d2) 13... Nb4 14. a3 {The position is equal.} Nxd3 15. cxd3 Bb7 16. Qh3 Rfe8 $146 ({Predecessor:} 16... Rab8 17. f5 exf5 18. Nd4 fxe4 19. Bg5 Nd5 20. Nxd5 Bxd5 {1-0 (28) Prizant,J (2437)-Torbin,K (2285) Rybinsk 2001}) 17. Nd4 Bf8 18. Rf3 Rad8 19. Ref1 Nd7 ({Better is} 19... Qe7 $14) 20. Rg3 $16 Nc5 (20... Nf6 {was necessary.} 21. Qh4 Qe7) 21. f5 $18 exf5 $2 ({Much weaker is} 21... e5 $6 22. f6 $16) (21... Nxd3 22. fxe6 Ne5 23. exf7+ Nxf7) 22. Nxf5 f6 (22... g6 $142 23. Nh6+ Bxh6) 23. Nh6+ Kh8 {[#]} 24. Rxf6 $3 {[%mdl 512] And now Nf7+ would win.} Nxd3 (24... gxf6 25. Rg8#) 25. Nf7+ Kg8 {[#]} 26. Qxh7+ $1 {[%mdl 512] Precision: White = 61%, Black = 12%.} 1-0

[Event "Istanbul Open 2017"]
[Site "Istanbul"]
[Date "2017.09.11"]
[Round "7"]
[White "Guseynov, Alihan"]
[Black "Darban, Morteza"]
[Result "1/2-1/2"]
[WhiteElo "2333"]
[BlackElo "2300"]
[Annotator "TA"]
[PlyCount "29"]
[EventDate "2017.??.??"]
[EventType "swiss"]
[EventCountry "TUR"]
[SourceTitle "playchess.com"]
[Source "ChessBase"]
[SourceQuality "1"]

{[%evp 23,29,21,28,19,28,14,35,35]} 1. d4 e6 2. c4 f5 3. g3 Nf6 4. Bg2 Bb4+ 5. Bd2 Qe7 6. Nc3 O-O 7. Nf3 d6 8. O-O Nc6 9. d5 Nd8 10. dxe6 Bxc3 11. Bxc3 Ne4 12. Rc1 Nxe6 {LiveBook: 7 Games} 13. Nd4 {E11: Bogo-Indian} N6g5 14. e3 (14. f4 Nf7 15. Bxe4 Qxe4 16. Nb5 Bd7 17. Qd3 Qxd3 18. exd3 c6 19. Na3 Rfe8 20. Kf2 Re7 {½-½ (98) Ivanchuk,V (2768)-Papaioannou,I (2592) Eretria 2011}) 14... a5 $146 ({Find the theoretical novelty and annotate with similar games:} 14... Bd7 15. Qb3 c5 16. Ne2 Bc6 17. f3 Nxc3 18. Rxc3 Kh8 19. Rd3 a6 20. Nc3 b5 {1-0 (66) Postny,E (2400)-Horvath,A (2412) Oropesa del Mar 1999}) 15. Ne2 1/2-1/2

[Event "Istanbul Open 2017"]
[Site "Istanbul"]
[Date "2017.09.11"]
[Round "7"]
[White "Iyti, Basher"]
[Black "Nuri, Murad"]
[Result "1/2-1/2"]
[WhiteElo "2303"]
[BlackElo "2285"]
[Annotator "TA"]
[PlyCount "177"]
[EventDate "2017.??.??"]
[EventType "swiss"]
[EventCountry "TUR"]
[SourceTitle "playchess.com"]
[Source "ChessBase"]
[SourceQuality "1"]

{[%evp 15,177,-27,-19,-62,-60,-59,-49,-45,-54,-107,-85,-81,-42,-98,-100,-99,-99,-257,-242,-285,-279,-270,-197,-216,-210,-210,-207,-218,-203,-209,-191,-195,-177,-247,-241,-235,-224,-249,-245,-302,-214,-221,-221,-206,-217,-220,-208,-210,-100,-106,-109,-115,-42,-68,-77,-100,-50,-54,-17,-17,-19,-18,0,0,0,0,0,0,0,0,0,0,0,0,0,0,0,0,0,0,0,0,0,0,0,0,5,0,0,0,0,0,0,0,21,8,10,0,25,2,3,2,2,2,4,0,0,0,0,0,0,0,0,0,0,0,0,0,0,0,0,0,0,0,0,0,0,0,0,0,0,0,0,0,0,0,0,0,0,0,0,0,0,0,0,0,0,0,0,0,0,0,0,0,0,0,0,0,0,0,0,0,0,0]} 1. c3 e5 2. g3 d5 3. Bg2 Nf6 4. d3 c6 5. Nf3 Bd6 6. O-O O-O 7. Nbd2 Re8 8. e4 Nbd7 {LiveBook: 29 Games} 9. Qe2 {B10: Caro-Kann: 2 d3 and 2 c4} (9. Qc2 dxe4 10. dxe4 Qc7 11. Nc4 Bf8 12. a4 a5 13. Rd1 b5 14. Ne3 Nc5 15. axb5 cxb5 16. Nd5 Nxd5 17. exd5 {0-1 (68) Pantsulaia,L (2607)-Riazantsev,A (2671) Doha 2016}) 9... a5 10. Nh4 $146 ({Predecessor:} 10. Rd1 Qc7 11. Nh4 Nc5 12. Nf5 Bxf5 13. exf5 e4 14. dxe4 Ncxe4 15. Nxe4 Nxe4 {0-1 (50) Tazbir,M (2516)-Hernandez Carmenates,H (2524) Las Vegas 2015}) 10... a4 11. Nf5 {Black is slightly better.} Bf8 12. g4 ({White should play} 12. Ne3 $15) 12... g6 13. Ng3 {Threatening g5.} dxe4 14. dxe4 ({White should try} 14. Ndxe4 $15 Be7 15. Rd1) 14... Nc5 $17 15. g5 {[#]} Nfd7 $1 16. Qg4 $2 {[#]} (16. Nf3 $17 {was necessary.}) 16... Nd3 $1 $19 17. Nf3 N7c5 18. Qh4 Qe7 19. Rd1 b5 20. Bf1 Nxc1 21. Raxc1 Bg7 22. Bh3 Bxh3 23. Qxh3 Rad8 24. Qg4 (24. Qf1 $142) 24... Nd3 25. Rb1 a3 {Threatens to win with ...Qc5.} 26. bxa3 Qxa3 27. Rd2 {and if Rbd1 works, White does fine.} Nc5 28. Rc2 Rd3 29. Rbc1 Red8 30. Ne1 R3d6 31. h4 Nd3 (31... Qa4 $19 {is more deadly.} 32. c4 b4) 32. Nxd3 $17 Rxd3 33. Kg2 Qd6 ({Better is} 33... Qa4 $17 34. c4 b4) 34. h5 Qd7 35. Qh4 Rd1 36. Nf1 Qd3 {( -> ...Qxf1+)} 37. Ne3 Rxc1 38. Rxc1 {Strongly threatening Rd1.} Ra8 39. hxg6 hxg6 40. Rd1 Qe2 41. Rd6 Rxa2 42. Qg3 Qh5 43. Qg4 Qxg4+ 44. Nxg4 $11 {[%mdl 4096] Endgame KRB-KRN} Ra4 45. f3 Rc4 46. Rd8+ Kh7 47. Rd3 Kg8 48. Rd8+ Kh7 49. Rd3 b4 50. cxb4 Rxb4 51. Rd7 Kg8 52. Rd8+ Kh7 53. Rc8 Rb2+ 54. Kg3 Rc2 55. Rc7 Kg8 $1 56. Rc8+ Kh7 57. Ne3 Rc1 {The position is equal.} 58. Kf2 Rh1 59. Rc7 Kg8 60. Ng4 Rh5 61. Nf6+ Bxf6 $1 62. gxf6 {KR-KR} g5 63. Kg3 {Hoping for Kg4.} Rh4 64. Rxc6 Kh7 65. Rc5 Kg6 66. Rxe5 Kxf6 67. Rf5+ Kg6 68. Rc5 Rf4 69. Rc8 Rh4 70. Rc6+ Kg7 71. Rc5 Kg6 72. Rd5 Rf4 73. Rd6+ Kg7 74. Rd7 Kg6 75. Rd1 Kg7 76. Rg1 Kh6 77. Kf2 Kg6 78. Ke3 Kh5 79. Rh1+ Rh4 80. Rg1 Rf4 81. Rh1+ Rh4 82. Rf1 Rf4 83. Kd4 Kh4 84. Ke3 Kh5 85. Rh1+ Rh4 86. Rc1 Rf4 87. Rh1+ Rh4 88. Rg1 Rf4 89. Rh1+ {Precision: White = 62%, Black = 74%.} 1/2-1/2

[Event "Istanbul Open 2017"]
[Site "Istanbul"]
[Date "2017.09.11"]
[Round "7"]
[White "Erden, Kadir"]
[Black "Maghalashvili, Davit"]
[Result "1/2-1/2"]
[WhiteElo "2283"]
[BlackElo "2512"]
[Annotator "TA"]
[PlyCount "95"]
[EventDate "2017.??.??"]
[EventType "swiss"]
[EventCountry "TUR"]
[SourceTitle "playchess.com"]
[Source "ChessBase"]
[SourceQuality "1"]

1. d4 {Program Activation Required} Nf6 2. Nf3 g6 3. Bf4 Bg7 4. e3 O-O 5. Be2 d6 6. h3 Nc6 7. O-O Nd7 8. Bh2 e5 9. Nc3 {A48: Königsindisch (ohne c2-c4)} f5 (9... Re8 10. Re1 a6 11. a4 b6 12. Bc4 Bb7 13. Bd5 Rb8 14. dxe5 dxe5 {1-0 (70) Carlsen,M (2850)-Radjabov,T (2738) Berlin 2015}) 10. Bc4+ $146 ({Vorgänger:} 10. Nd5 h6 11. b4 g5 12. c3 e4 13. Nd2 Ne7 14. c4 Nxd5 15. cxd5 Nf6 16. Qb3 Bd7 {0-1 (42) Cruz,J (2447)-Bachmann,A (2610) Barcelona 2016}) 10... Kh8 11. dxe5 Ndxe5 12. Nxe5 Nxe5 13. Bb3 c6 14. Ne2 d5 15. Nf4 a5 16. a4 Qe7 17. c3 b6 18. Bc2 Ba6 19. Re1 Rad8 20. Rb1 Qf7 21. Bd3 Nxd3 22. Nxd3 Rfe8 23. Qc2 Re4 24. b4 Bxd3 25. Qxd3 Rc4 26. Rec1 Bf6 27. bxa5 bxa5 28. Rb6 Qe7 29. Qb1 Rd7 30. Qb3 Kg7 31. Rb8 g5 32. Qb1 Qe4 33. Rb7 Rxb7 34. Qxb7+ Kg6 35. Qc8 Rxc3 36. Qg8+ Bg7 37. Re1 f4 38. f3 Qe5 39. e4 d4 40. Rd1 Ra3 41. Kh1 d3 42. Bg1 Kh6 43. h4 gxh4 44. Qf7 Rc3 45. Bd4 Qxd4 46. Qxf4+ Kg6 47. Qf5+ Kh6 48. Qf4+ 1/2-1/2